000 00970nam a22002177a 4500
005 20140313020002.0
008 140310b2013 ck ||||| ||||a00| 0 spa d
020 _a9789585797413
041 _aspa
044 _ack
082 _a639.3
_bA926z
110 1 _aAutoridad Nacional de Acuicultura y Pesca - AUNAP
_919058
245 1 0 _aZonificación de la Acuicultura Nacional
_cAutoridad Nacional de Acuicultura y Pesca - AUNAP
260 _aBogotá
_bMinisterio de Agricultura y Desarrollo Rural
_bAutoridad Nacional de Acuicultura y Pesca - AUNAP
_bFAO
_c2013
300 _a78 p.
_bmapas, tablas, gráficas
_c28 cm.
500 _aIncluye CD CID-059940 con anexos: Incluyen mapas Zonas Cálidas Zonas Frías Restricciones cálidas Restricciones frías Areas potencialmente aptas marino
650 6 _aPiscicultura
_zColombia
_919059
650 6 _aAcuicultura
_xzonificación
_zColombia
_919060
650 6 _aAcuicultura
_xcartografía
_zColombia
_919061
942 _2ddc
_cImpreso
_01
999 _c8248
_d8248